000 00684nam a2200253Ia 4500
003 OSt
005 20221007063853.0
006 a|||||r|||| 00| 0
007 ta
008 221006b |||||||| |||| 00| 0 eng d
020 _cRs.80/-
024 _a3,607
037 _cTextual
040 _aFLL
_cFLL
_beng
041 _2eng
_aeng
082 _aZ2:315, L9
100 _aDesai Sunderlal Trikamlal
_9684005
245 0 _aLaw of partnership in India
250 _a5th
260 _aCalcutta
_bS.C.Sarkar & sons private ltd India
_c1979
650 _aLaw of partnership
942 _hZ2:315, L9
_cTEXL
_2CC
999 _c1132415
_d1132415